LEADER 01593nam a2200313 u 4500 001 000000002364 003 CaOOAMICUS 005 20070226104425.0 008 940920s1975 be u000 u ger u 035 $a10058738 040 $aEFR$bita 041 1 $ager$asyr 100 0 $aEphraem Syrus,$cs.,$d303-373.$0(OLS)http://pul/name/30 240 10$aGruppi, scelte$9(Ephraem Syrus, s., 303-373).$lTedesco e siriaco.$0(OLS)http://pul/title/3505 245 10$aNachträge zu Ephraem Syrus /$chrsg. (-übers.) von Edmund Beck. 260 $aLouvain :$bSecrétariat du CorpusSCO,$c1975. 300 $a2 v. ;$c26 cm 490 1 $aCorpus scriptorum christianorum orientalium ;$v363-364.$aScriptores syri ;$vt. 159-160 505 0 $at. 159. [Texte]. -- t. 160. [Traduction]. 700 1 $aBeck, Edmund,$cO.S.B.,$d1902-$0(OLS)http://pul/name/2535 830 0$aCorpus scriptorum Christianorum Orientalium ;$v363-364.$0(OLS)http://pul/title/40 830 0$aCorpus scriptorum Christianorum Orientalium.$pScriptores Syri ;$v159-160.$0(OLS)http://pul/title/600 850 $aPUL 852 $aPUL$W1$xSL Religione 1$y3$m10(3) H 363-364$j3144$nBK-PRI$b $qStampati$B3144$CPULBib$Z2$F3144 $H89717-89718 $81 852 $aPUL$W1$xSL Religione 1$y3$m10(3) H 363-364$j3144$nBK-PRI$b $qStampati$B3145$CPULBib$Z2$F3145 $H89717-89718 $81 900 $aEfrem Siro,$cs.,$d303-373$930 941 1 $a8 996 $6245$aNachträge zu Ephraem Syrus$9(OLS)http://pul/title/3506 996 $6260$aLouvain :$bSecrétariat du CorpusSCO$9(OLS)http://pul/publisher/47859 LEADER 01062nam a2200205 u 4500 001 000000025813 003 CaOOAMICUS 005 20070226111515.0 008 950608s1936 it acf u000 u ita u 035 $a10663182 040 $aPUL(R)$bita 100 1 $aVanti, Mario,$cM.I.$0(OLS)http://pul/name/21373 245 13$aUn umanista del Cinquecento in funzione di riformatore: Bernardino Cirillo :$bcommendatore e maestro generale dell'Ordine di S. Spirito (1556-1575) /$cp. Mario Vanti. 260 $aRoma :$bTip. poligl. "Cuore di Maria",$c1936. 300 $a206 p., [1] c. di tav. :$bant. (ritr.) ;$c25 cm 850 $aPUL 852 $aPUL$W1$xDP1 Fondo Cecchetti$y53$m268 F 45$j36052$nBK-PRI$b $qFondi$B36052$CPULBib$Z2$F36052 $HPUL25327 $81 941 1 $a1 996 $6245$aUn umanista del Cinquecento in funzione di riformatore: Bernardino Cirillo :$bcommendatore e maestro generale dell'Ordine di S. Spirito (1556-1575)$9(OLS)http://pul/title/35553 996 $6260$aRoma :$bTip. poligl. "Cuore di Maria"$9(OLS)http://pul/publisher/59040